000 00800nam a22002057a 4500
999 _c1935
_d1935
003 AR-CdUCM
008 190228b ||||| |||| 00| 0 spa d
040 _aMUNICIPALIDAD PROVINCIAL DEL CUSCO
_cBIBLIOTECA MUNICIPAL DEL CUSCO
082 _a947.084 /
_bL45
100 _aLenin, V. L.
_97072
245 _aContra el revisionismo /
260 _aMoscú :
_bEditorial Progreso ,
_c1980.
300 _a653 páginas ;
_c21 cm
505 _aProtesta de los socialdemócratas de Rusia -- Las cartas de Carlos Marx a L. Kugelmann -- El congreso socialista internacional -- Cuestiones de litigio el partido legal y los marxistas...
650 _aCartas de C. Marx.
_97073
650 _aSocialdemócratas de Rusia.
_97074
650 _aRevisionismo.
_97075
942 _2ddc
_cLIBROS
945 _awfj
_d2019-02-28